Captain and Matey set sail / by Daniel Laurence ; ... Read More
Available copies
- 1 of 1 copy available at LARL/NWRL Consortium.
- 1 of 1 copy available at Northwest Regional Library. (Show preferred library)
Current holds
0 current holds with 1 total copy.
Show All Copies
| Location | Call Number / Copy Notes | Barcode | Shelving Location | Status | Due Date |
|---|---|---|---|---|---|
| Thief River Falls Public Library | e LAU (Text) | 35500003385257 | Main | Available | - |
Record details
- ISBN: 0060289562
- ISBN: 0060289570 (lib. bdg.)
- Physical Description: 64 p. : ill. ; 23 cm.
- Publisher: New York : HarperCollins Publishers, 2001.
Content descriptions
| Summary, etc.: | Despite their frequent disagreements, two pirates ... Read More |
Search for related items by subject
| Subject: | Pirates > Juvenile fiction. |
Search for related items by series
| LDR | 01333cam a2200313Ia 4500 | ||
|---|---|---|---|
| 001 | 36252 | ||
| 003 | LARL_NWRL_CONSORTIUM | ||
| 005 | 20190131213944.0 | ||
| 008 | 000310s2001 nyu b 000 1 eng | ||
| 020 | . | ‡a0060289562 | |
| 020 | . | ‡a0060289570 (lib. bdg.) | |
| 035 | . | ‡a(OCoLC)43648733 | |
| 035 | 0 | 0. | ‡iLCMARC/AYN-6198/KRLTECH |
| 082 | 0 | 0. | ‡a[E] ‡221 |
| 099 | . | ‡aL | |
| 100 | 1 | . | ‡aLaurence, Daniel. ‡0(LARL_NWRL_CONSORTIUM)43671 |
| 245 | 1 | 0. | ‡aCaptain and Matey set sail / ‡cby Daniel Laurence ; pictures by Claudio Muñoz. |
| 260 | . | ‡aNew York : ‡bHarperCollins Publishers, ‡c2001. | |
| 300 | . | ‡a64 p. : ‡bill. ; ‡c23 cm. | |
| 490 | 0 | . | ‡aI can read! Level 2 |
| 520 | . | ‡aDespite their frequent disagreements, two pirates share many adventures . | |
| 650 | 0. | ‡aPirates ‡vJuvenile fiction. ‡0(LARL_NWRL_CONSORTIUM)166750 | |
| 700 | 1 | . | ‡aMuñoz, Claudio. ‡0(LARL_NWRL_CONSORTIUM)84414 |
| 901 | . | ‡a36252 ‡bOCLC ‡c36252 ‡tbiblio | |

Add to basket
Permalink
Enable Highlighting